000 00875nam a22002057a 4500
999 _c7535
_d7535
003 AR-CdUCM
008 190320b ||||| |||| 00| 0 spa d
040 _aMUNICIPALIDAD PROVINCIAL DEL CUSCO
_cBIBLIOTECA MUNICIPAL DEL CUSCO
082 _a408.92 /
_2SC31
100 _aScolnik, Jaime
_921269
245 _aCurso fundamental de esperanto, que contiene gramática, ejercicios y vocabulario /
260 _aRio de Janeiro :
_bLivraria da Federaço Edit. Brasileira,
_c1939.
300 _a61 páginas ;
_c19.5 cm.
505 _aContenido: gramática de esperanto -- Alfabeto -- Partes de la oración y reglas generales -- Afijos - Prefijos -- Sufijos -- Preposiciones ...
650 _aEsperanto - Gramática
_921270
650 _aEsperanto - Composición y ejercicios
_921271
650 _aEsperanto (Lengua artificial)
_921272
942 _2ddc
_cLIBROS
945 _alccs